|
|
|
|
| LEADER |
01036nam a2200253 i 4500 |
| 001 |
c000234708 |
| 003 |
CARM |
| 005 |
00000000000000.0 |
| 008 |
840229s1977 vp 0 eng d |
| 019 |
1 |
|
|a 1028511
|5 LACONCORD2021
|
| 020 |
|
|
|a 0720407001
|
| 035 |
|
|
|a (OCoLC)3345551
|5 LACONCORD2021
|
| 082 |
0 |
4 |
|a 344/.73/046
|
| 100 |
1 |
|
|a Murphy, Earl Finbar,
|d 1928-
|
| 245 |
1 |
0 |
|a Nature, bureaucracy and the rules of property :
|b regulating the renewing environment /
|c Earl Finbar Murphy.
|
| 260 |
|
|
|a Amsterdam ;
|a New York :
|b North-Holland Pub. Co.,
|c 1977.
|
| 300 |
|
|
|a xii, 335 p. ;
|c 23 cm.
|
| 504 |
|
|
|a Bibliography: p. 302-310.
|
| 650 |
|
0 |
|a Environmental law
|z United States.
|
| 650 |
|
0 |
|a Natural resources
|x Law and legislation
|z United States.
|
| 650 |
|
0 |
|a Right of property
|z United States.
|
| 852 |
8 |
|
|b CARM
|h A1:AQ13D0
|i C09029
|p 0363601
|f BK
|
| 999 |
f |
f |
|i 27c8fc2e-b5a0-5397-92f4-4b342d90178a
|s a5587976-91c8-5a55-be7c-b646386ea507
|
| 952 |
f |
f |
|p Can circulate
|a CAVAL
|b CAVAL
|c CAVAL
|d CARM 1 Store
|e C09029
|f A1:AQ13D0
|h Other scheme
|i book
|m 0363601
|